000 00892nam a22003017a 4500
001 BR2017002696
003 BR-BrBNA
005 20230928105156.0
007 ta
008 230509b bl.||||| |||| 00| 0 por d
040 _aBR-BrBNA
_bpor
_cBiblioteca Nacional de Agricultura
041 _a(Por)
072 _aQ02
_b9702
090 _ 9702 BR2017002696
100 1 _aRodrigues, L.M.
110 1 _aUniversidade Federal de Lavras, MG (Brasil)
_0Tese (Mestrado)
245 1 _aEfeitos da radiação gama e do congelamento prévios à maturação na maciez da carne bovina
260 3 _aLavras, MG (Brasil):
_c2017.
300 _a97 p.
500 _aSummaries (Eng, Por); Bibliography p. 81-97; 6 illus.
650 _aCARNE
650 _aBOVINO
650 _aCONGELAMENTO
650 _aMATURAÇÃO
650 _aRAIO GAMA
909 _a202309
_bLucia
_c55
_dLucia Elande
942 _cBK
999 _c83844
_d83844